Statistiques concernant Splatoon Marques

Cliquez ici pour prendre le quiz!

Statistiques générales

  • Ce quiz a été pris 20 fois
    (16 depuis la dernière actualisation)
  • Le résultat moyen est 10 sur 24

Statistiques - réponses

Réponse% Correct
Amiibo
86%
Friture
79%
Aroz
71%
Macalamar
71%
Ezko
57%
Focus
57%
Krakers
57%
Kalamarus Rex
50%
Abysma
43%
Apex
43%
Cubic
43%
Gédéon
43%
OculR
43%
Thony K
43%
Jack
36%
Leviathus
36%
M. Ours SA
36%
DUX
29%
KOG
29%
E+F
21%
Alpaj
14%
Famistu
14%
Iormungand
14%
The SQUID GIRL
14%

Distribution des résultats

Percentile par nombre de réponses

% des personnes avec chaque résultat

Votre développement - résultats

Vous n’avez pas pris ce quiz depuis la dernière actualisation